| 000 | 00515nam a22001817a 4500 | ||
|---|---|---|---|
| 005 | 20251108172446.0 | ||
| 008 | 250721s1995 xx 000 0 ara d | ||
| 082 | 1 | 4 | _a801.953/خضي |
| 100 | 1 | _aخضير، محمد | |
| 245 | 1 | 0 | _aحكاية الجديدة : نقد أدبي / |
| 264 | 1 |
_aعمان : _bمؤسسة عبدالحميد شومان، _c1995. |
|
| 300 | _a108ص. | ||
| 650 | 1 | 7 | _aالأدب |
| 650 | 1 | 7 | _aالنقد الأدبي |
| 650 | 1 | 7 | _aالروايات |
| 942 |
_2ddc _cBK |
||
| 999 |
_c79889 _d79889 |
||